|
|
|
|
| LEADER |
00000nam0a2200000 4500 |
| 001 |
250878 |
| 005 |
20240205113350.0 |
| 010 |
|
|
|a 9785438703242
|
| 035 |
|
|
|a (RuTPU)RU\TPU\book\273114
|
| 090 |
|
|
|a 250878
|
| 100 |
|
|
|a 20140217d2013 k y0rusy50 ca
|
| 101 |
0 |
|
|a rus
|
| 102 |
|
|
|a RU
|
| 105 |
|
|
|a a z 001zy
|
| 200 |
1 |
|
|a Особенности инженерно-геологических условий г. Ханой (Вьетнам)
|e монография
|f Л. А. Строкова, Х. Т. Фи
|g Национальный исследовательский Томский политехнический университет (ТПУ)
|
| 210 |
|
|
|a Томск
|c Изд-во ТПУ
|d 2013
|
| 215 |
|
|
|a 335 с.
|c ил.
|
| 320 |
|
|
|a Библиогр.: с. 322-335.
|
| 330 |
|
|
|a В книге рассмотрены региональные геологические и зональные факторы формирования инженерно-геологических условий г. Ханой. Показана роль таких факторов, как геологическое строение и история геологического развития, тектоника, физико-географическое положение и климат региона, влияющих на проявление экзогенных геологических процессов. Представлены результаты исследования оседания земной поверхности, вызванного откачками подземных вод в городе, выполнен прогноз изменения уровней подземных вод и развития величины осадки во времени. Предназначена для специалистов в области инженерной геологии, а также научных работников, аспирантов и студентов геологических и строительных специальностей вузов.
|
| 606 |
1 |
|
|a Инженерная геология
|2 stltpush
|3 (RuTPU)RU\TPU\subj\12572
|9 39335
|
| 610 |
1 |
|
|a Вьетнам
|
| 610 |
1 |
|
|a природные условия
|
| 610 |
1 |
|
|a социально-экономическая характеристика
|
| 610 |
1 |
|
|a геологическое строение
|
| 610 |
1 |
|
|a Ханой
|
| 610 |
1 |
|
|a земная поверхность
|
| 610 |
1 |
|
|a оседание
|
| 610 |
1 |
|
|a подземные воды
|
| 610 |
1 |
|
|a извлечение
|
| 610 |
1 |
|
|a горные породы
|
| 610 |
1 |
|
|a типизация
|
| 610 |
1 |
|
|a четвертичные отложения
|
| 610 |
1 |
|
|a инженерно-геологические особенности
|
| 610 |
1 |
|
|a гидрогеологические условия
|
| 610 |
1 |
|
|a прогнозирование
|
| 610 |
1 |
|
|a монографии
|
| 610 |
1 |
|
|a труды учёных ТПУ
|
| 675 |
|
|
|a 624.131.1
|v 3
|
| 700 |
|
1 |
|a Строкова
|b Л. А.
|c геолог
|c профессор Томского политехнического университета, доктор геолого-минералогических наук
|f 1963-
|g Людмила Александровна
|3 (RuTPU)RU\TPU\pers\25433
|9 11375
|
| 701 |
|
0 |
|a Фи
|b Х. Т.
|g Хонг Тхинь
|
| 712 |
0 |
2 |
|a Национальный исследовательский Томский политехнический университет (ТПУ)
|c (2009- )
|3 (RuTPU)RU\TPU\col\15902
|
| 801 |
|
1 |
|a RU
|b 63413507
|c 20140217
|
| 801 |
|
2 |
|a RU
|b 63413507
|c 20170327
|g RCR
|
| 942 |
|
|
|c BK
|